000 00537nam a2200169Ia 4500
003 GCL
005 20240530105127.0
008 140319s9999 xx 000 0 ara d
040 _aGCL /
_cGCL
082 0 4 _a366.1
_bس ا
100 1 _aشاهين مكاريوس
245 1 0 _aالاسرار الخفية فى الجمعية الماسونية /
_cشاهين مكاريوس
260 _a[S.N] :
_bلجنة الاعلام والدراسات المستقبلية
300 _a143 ص
650 0 4 _aالماسونية
942 _2ddc
_cBK
999 _c53374
_d53374